| 000 | 00885nam a22002537a 4500 | ||
|---|---|---|---|
| 999 |
_c63775 _d63775 |
||
| 005 | 20240530110658.0 | ||
| 008 | 171224s2015 ua a g 000 0 ara d | ||
| 017 |
_a2014/15601 _bمصر. دار الكتب |
||
| 020 | _a9789770529140 | ||
| 040 |
_aEG-CaGPL _cEG-CaGPL |
||
| 082 | 0 | 4 |
_221 _a371.334\ _bح م |
| 100 | 0 | _aحلمى الفيل | |
| 245 | 1 | 2 |
_aالمقررات الالكترونية المرنة معرفيا / _bحلمى الفيل . |
| 250 | _aط.1 | ||
| 260 |
_aالقاهرة : _bمكتبة الانجلو المصرية ، _c2015 . |
||
| 300 |
_a266 ص. ؛ _c24 سم. |
||
| 504 | _aببليوجرافية : ص 249 - 266 | ||
| 650 | 0 | 7 |
_2qrmak _aالتعلم |
| 650 | 0 | 7 |
_2qrmak _aالتعليم الالكترونى |
| 650 | 0 | 7 |
_2qrmak _aالتعليم _xبرامج |
| 651 | _2qrmak | ||
| 942 |
_2ddc _cBK |
||